000 00561nam a2200181Ia 4500
008 090124s9999 xx 000 0 und d
082 _b108183
100 _aवर्टी अ. वा.
245 _a मराठी साहित्य दर्शन
250 _a1
260 _c1960
300 _a120
600 _aवर्टी अ. वा.
630 _a मराठी साहित्य दर्शन
700 _aवर्टी अ. वा.
730 _a मराठी साहित्य दर्शन
942 _cBOOK
999 _c154274
_d154274